000
00354nam a2200157Ia 4500
008
220923s9999 xx 000 0 und d
020
_a
9789351430346
082
_b
RAS
100
_a
RASTOGI, SACHIN
245
0
_a
INSIGHTS IN TO E CONTRACTS ION INDIA
250
_a
1ST
260
_c
2013
300
_a
183
650
_a
Contract Law
942
_c
BK
999
_c
195921
_d
195921